000 01090nam0a2200301 4500
001 RU\NLR\bibl\1428534
005 20250615220923.0
010 _a978-5-17-059545-7
_bАСТ
010 _a978-5-403-01408-3
_bАСТ Москва
_94000
021 _aRU
_b2009-67987
_94197
035 _a(NLR Aleph) 001420453
090 _a1339334
_c1339334
100 _a20091021d2009 |||y0rusy50 ca
101 1 _arus
_ceng
102 _aRU
105 _ay |||||||||
200 1 _aКрасное море под красным небом
_e[фантастический роман]
_fСкотт Линч
_g[пер. с англ. Д. Арсеньева]
210 _aМосква
_cАСТ
_cАСТ Москва
_d2009
215 _a604, [1] с.
_d22
320 _aДр. произведения авт. на 4-й с. обл.
686 _aШ6(4Вл)67-445{Лх1299-62}
700 1 _4070
_7ca
_8rus
_aЛинч
_bС.
_f1978-
_gСкотт
_9205238
_3RU\NLR\AUTH\770205290
801 0 _aRU
_bNLR
_c20091021
_gRCR
801 1 _aRU
_bNLR
_c20091021
942 _cBOOK
980 _aNB